000 00680nam a2200241 i 4500
001 bg
100 1 _aKOROL, Julitta
245 1 0 _aExcel 97 :
_bkrok po kroku /
_cJulitta Korol, Agata Chmielewska.
260 _aWarszawa :
_b"Mikom",
_c1998.
300 _a543 s. :
_brys. ;
_c24 cm.
504 _aIndeks.
650 9 _aExcel
655 _aPodręczniki
700 1 _aCHMIELEWSKA, Agata
020 _a8371580924
040 _cBPK
041 0 _apl
080 _a004.42(07)
920 _a83-7158-092-4
942 _cKS
008 s pl f |000 0 pol
856 _uhttp://koha.tu.koszalin.pl/cgi-bin/koha/opac-detail.pl?biblionumber=39791
_yKatalog online BPK
999 _c39791
_d39791